| 000 | 00570 a2200229 4500 | ||
|---|---|---|---|
| 260 | _aParis | ||
| 630 | _a62 - Ingenierie. Art de lingenieur. Technologie en general | ||
| 037 | _bES, 1 | ||
| 650 | _a6 - SCIENCES APPLIQUEES | ||
| 100 | _aChevalier, A. | ||
| 260 | _bHachette | ||
| 245 | _aGuide du dessinateur industriel : Pour maƮtriser la communication technique | ||
| 300 | _a319 p. | ||
| 650 | _aDessin industriel | ||
| 260 | _c2001 | ||
| 300 | _b25m | ||
| 100 | _lFr | ||
| 037 | _aS 8215 | ||
| 020 | _a2-01-16-8288-6 | ||
| 999 |
_c42924 _d42924 |
||